000 00598nam a2200193Ii 4500
003 JO-AjNU
008 230605s9999||||xx |||||||||||||| ||und||
040 _aJO-AjNU
_bara
_erda
_cJO-AjNU
041 _aara
050 1 4 _aBF412.2003
100 3 _aالمغازي،ابراهيم محمد,
_eauthor
_97575
245 0 0 _aلماذا هذا الجنون
264 3 1 _aالمنصورة: مكتبة جزيرة الورد ، 2003
300 _a115ص
336 _atext
_btxt
_2rdacontent
337 _aunmediated
_bn
_2rdamedia
338 _avolume
_bnc
_2rdacarrier
650 4 _aامراض نفسية
_97576
999 _aA350
_c3918
_d3918